Perturbation methods in applied mathematics / (Record no. 18541)
[ view plain ]
| 000 -LEADER | |
|---|---|
| fixed length control field | 01176caa a2200337 i 4500 |
| 001 - CONTROL NUMBER | |
| control field | 005694489 |
| 003 - CONTROL NUMBER IDENTIFIER | |
| control field | EG-ScBUE |
| 005 - DATE AND TIME OF LATEST TRANSACTION | |
| control field | 20241013094004.0 |
| 008 - FIXED-LENGTH DATA ELEMENTS--GENERAL INFORMATION | |
| fixed length control field | 141103t1981 nyudk f b 001 0 eng d |
| 020 ## - INTERNATIONAL STANDARD BOOK NUMBER | |
| International Standard Book Number | 0387905073 |
| 020 ## - INTERNATIONAL STANDARD BOOK NUMBER | |
| International Standard Book Number | 9780387905075 |
| 040 ## - CATALOGING SOURCE | |
| Original cataloging agency | Uk |
| Language of cataloging | eng |
| Description conventions | rda |
| Transcribing agency | Uk |
| Modifying agency | EG-ScBUE |
| 082 04 - DEWEY DECIMAL CLASSIFICATION NUMBER | |
| Edition number | 22 |
| Classification number | 515.35 |
| Item number | KEV |
| 100 1# - MAIN ENTRY--PERSONAL NAME | |
| Personal name | Kevorkian, J., |
| Relator term | author. |
| 9 (RLIN) | 36428 |
| 245 10 - TITLE STATEMENT | |
| Title | Perturbation methods in applied mathematics / |
| Statement of responsibility, etc | J. Kevorkian, J. D. Cole. |
| 264 #1 - PUBLICATION, DISTRIBUTION, ETC. (IMPRINT) | |
| Place of publication, distribution, etc | New York, United States : |
| Name of publisher, distributor, etc | Springer-Verlag, |
| Date of publication, distribution, etc | [1981] |
| 264 #4 - PUBLICATION, DISTRIBUTION, ETC. (IMPRINT) | |
| Date of publication, distribution, etc | c1981 |
| 300 ## - PHYSICAL DESCRIPTION | |
| Extent | x, 558 pages : |
| Other physical details | charts, forms ; |
| Dimensions | 24 cm. |
| 336 ## - CONTENT TYPE | |
| Source | rdacontent |
| Content type term | text |
| Content type code | txt |
| 337 ## - MEDIA TYPE | |
| Media type term | unmediated |
| Source | rdamedia |
| Media type code | n |
| 338 ## - CARRIER TYPE | |
| Carrier type term | volume |
| Carrier type code | nc |
| Source | rdacarrier |
| 490 1# - SERIES STATEMENT | |
| Series statement | Applied mathematical sciences ; |
| Volume number/sequential designation | v. 34 |
| 504 ## - BIBLIOGRAPHY, ETC. NOTE | |
| Bibliography, etc | Includes bibliographical references and index.<br/> |
| 650 #7 - SUBJECT ADDED ENTRY--TOPICAL TERM | |
| Topical term or geographic name as entry element | Differential equations |
| General subdivision | Numerical solutions. |
| Source of heading or term | BUEsh |
| 9 (RLIN) | 36429 |
| 650 #7 - SUBJECT ADDED ENTRY--TOPICAL TERM | |
| Topical term or geographic name as entry element | Differential equations |
| General subdivision | Asymptotic theory. |
| 9 (RLIN) | 36430 |
| 650 #7 - SUBJECT ADDED ENTRY--TOPICAL TERM | |
| Topical term or geographic name as entry element | Perturbation (Mathematics) |
| Source of heading or term | BUEsh |
| 9 (RLIN) | 36431 |
| 653 ## - INDEX TERM--UNCONTROLLED | |
| Resource For college | Engineering, General |
| Arrived date list | November2014 |
| 655 ## - INDEX TERM--GENRE/FORM | |
| Form subdivision | Reading book |
| 9 (RLIN) | 34232 |
| 700 1# - ADDED ENTRY--PERSONAL NAME | |
| Personal name | Cole, Julian D., |
| Relator term | author. |
| 9 (RLIN) | 36432 |
| 942 ## - ADDED ENTRY ELEMENTS (KOHA) | |
| Source of classification or shelving scheme | Dewey Decimal Classification |
| Koha item type | Book - Borrowing |
| Withdrawn status | Lost status | Source of classification or shelving scheme | Damaged status | Not for loan | Collection code | Home library | Current library | Shelving location | Date acquired | Source of acquisition | Cost, normal purchase price | Total Checkouts | Total Renewals | Full call number | Barcode | Date last seen | Date checked out | Cost, replacement price | Price effective from | Koha item type |
|---|---|---|---|---|---|---|---|---|---|---|---|---|---|---|---|---|---|---|---|---|
| Dewey Decimal Classification | Baccah | Central Library | Central Library | First floor | 03/11/2014 | Purchase | 890.00 | 2 | 14 | 515.35 KEV | 000036933 | 15/07/2025 | 12/06/2021 | 1112.50 | 03/11/2014 | Book - Borrowing |